Formel 1 Fahrer nach Land (2023) - Statistiken

Allgemein
  • Dieses Quiz wurde 470 mal gespielt
  • Das Durchschnittsergebnis liegt bei 18 aus 22
Antwortstatistiken
Land Fahrer % Korrekt
Niederlande Max Verstappen
97%
Lewis Hamilton
95%
Monaco Charles Leclerc
94%
Deutschland Nico Hulkenberg
93%
Mexiko Sergio Perez
91%
Spanien Carlos Sainz
88%
Lando Norris
88%
Finnland Valtteri Bottas
88%
Fernando Alonso
87%
Oscar Piastri
86%
Japan Yuki Tsunoda
86%
Australien Daniel Ricciardo
85%
Frankreich Esteban Ocon
85%
Pierre Gasly
85%
Dänemark Kevin Magnussen
84%
Kanada Lance Stroll
82%
Vereinigtes Königreich George Russell
81%
Thailand Alexander Albon
80%
Vereinigte Staaten Logan Sargeant
72%
Neuseeland Liam Lawson
63%
China Zhou Guanyu
62%
Nyck de Vries
58%
Keine übereinstimmenden Quizze gefunden
Verteilung der Resultate
Anzahl Personen mit jedem Resultat
Perzentil nach korrekt beantworteten Fragen
Ihre Resultats-Entwicklung
Sie haben dieses Quiz noch nicht gespielt